Export byl úspěšný — 

An introduction to psycholinguistics

Uloženo v:
Podrobná bibliografie
Hlavní autor: Danny D. Steinberg
Médium: Kniha
Jazyk:Undetermined
Vydáno: London Longman
Témata:
Tagy: Přidat tag
Žádné tagy, Buďte první, kdo otaguje tento záznam!
Thư viện lưu trữ: Trung tâm Học liệu Trường Đại học Cần Thơ
LEADER 00434nam a2200157Ia 4500
001 CTU_652
008 210402s9999 xx 000 0 und d
082 |a 401.9 
082 |b S819 
100 |a Danny D. Steinberg 
245 3 |a An introduction to psycholinguistics 
245 0 |c Danny D. Steinberg 
260 |a London 
260 |b Longman 
650 |a language and languages 
980 |a Trung tâm Học liệu Trường Đại học Cần Thơ